| 000 | 00539nam a2200181 a 4500 | ||
|---|---|---|---|
| 001 | 000045483 | ||
| 005 | 20201002052256.0 | ||
| 008 | 150409s2008 dr a 000 0 spa d | ||
| 020 | _z9789945002904 | ||
| 040 |
_aDO-SdBNP _bspa _cBNPHU |
||
| 100 | 1 |
_aDamiron, Anya _943024 |
|
| 245 | 1 | 0 |
_aNiña imaginación / _cAnya Damirón ; ilustrado Pablo Pino. |
| 260 |
_aSanto Domingo : _bLucia Stores, _c2008. |
||
| 300 |
_a[26] p. : _bil. ; _c20 cm. |
||
| 490 | 1 | _aLucia Stores | |
| 700 | 1 |
_aPino, Pablo _eil. _972370 |
|
| 830 | 0 |
_aLucia Stores _973533 |
|
| 999 |
_c44972 _d44972 |
||